Bệnh hại cây lương thực & thực phẩm
Bewaard in:
| Hoofdauteur: | |
|---|---|
| Formaat: | Boek |
| Taal: | Undetermined |
| Gepubliceerd in: |
Cần Thơ
Đại Học Cần Thơ
1998
|
| Onderwerpen: | |
| Tags: |
Voeg label toe
Geen labels, Wees de eerste die dit record labelt!
|
| Thư viện lưu trữ: | Trung tâm Học liệu Trường Đại học Cần Thơ |
|---|
| LEADER | 00614nam a2200193Ia 4500 | ||
|---|---|---|---|
| 001 | CTU_39006 | ||
| 008 | 210402s9999 xx 000 0 und d | ||
| 020 | |b ĐHCT - Khoa Nông nghiệp | ||
| 082 | |a 633.19 | ||
| 082 | |b H407 | ||
| 100 | |a Võ Thanh Hoàng | ||
| 245 | 0 | |a Bệnh hại cây lương thực & thực phẩm | |
| 245 | 0 | |c Võ Thanh Hoàng | |
| 260 | |a Cần Thơ | ||
| 260 | |b Đại Học Cần Thơ | ||
| 260 | |c 1998 | ||
| 650 | |a corn - diseases and pests,rice - diseases and pests | ||
| 904 | |i Liên, 000717 | ||
| 980 | |a Trung tâm Học liệu Trường Đại học Cần Thơ | ||